Observation, experiment, and hypothesis in modern physical science /

Salvato in:
Dettagli Bibliografici
Altri autori: Achinstein, Peter, Hannaway, Owen
Natura: Libro
Lingua:English
Pubblicazione: Cambridge, Mass. : MIT Press, c1985.
Serie:Studies from the Johns Hopkins Center for the History and Philosophy of Science
Soggetti:
LEADER 01282cam a2200325 a 4500
001 c000213028
003 CARM
005 20060131093508.0
008 840917s1985 maua b 001 0 eng
010 |a 84020723 
019 1 |a 3665221  |5 LACONCORD2021 
020 |a 0262010836 
035 |a (OCoLC)11236170  |5 LACONCORD2021 
040 |a LC  |b eng  |c LC  |d LC 
050 0 0 |a QC6  |b .O26 1985 
082 0 0 |a 530/.01  |2 19 
245 0 0 |a Observation, experiment, and hypothesis in modern physical science /  |c edited by Peter Achinstein, Owen Hannaway. 
260 |a Cambridge, Mass. :  |b MIT Press,  |c c1985. 
300 |a x, 379 p. :  |b ill. ;  |c 24 cm. 
440 0 |a Studies from the Johns Hopkins Center for the History and Philosophy of Science 
504 |a Includes bibliographies and index. 
650 0 |a Physics  |x Philosophy  |x History. 
650 0 |a Physics  |x Experiments  |x History. 
650 0 |a Physical sciences  |x Philosophy  |x History. 
650 0 |a Physical sciences  |x Methodology  |x History. 
700 1 |a Achinstein, Peter. 
700 1 |a Hannaway, Owen. 
852 8 |b CARM  |h A2:AM13A0  |i B05882  |p 0267821  |f BK 
999 f f |i 05ba92ce-b240-5e46-8791-e6482460f685  |s f842aae8-e30f-5a82-b4fb-241ec2d12049 
952 f f |p Can circulate  |a CAVAL  |b CAVAL  |c CAVAL  |d CARM 1 Store  |e B05882  |f A2:AM13A0  |h Other scheme  |i book  |m 0267821